[Event "Leon 20th"]
[Site "Leon"]
[Date "2007.07.08"]
[Round "2.4"]
[White "Anand, Viswanathan"]
[Black "Topalov, Veselin"]
[Result "1-0"]
[WhiteElo "2786"]
[BlackElo "2772"]
[Annotator "Ftacnik,L"]
[PlyCount "57"]
[EventDate "2007.07.06"]
[EventType "k.o. (rapid)"]
[EventRounds "2"]
[EventCountry "ESP"]
[SourceTitle "CBM 119"]
[Source "ChessBase"]
[SourceDate "2007.08.01"]
[SourceVersion "1"]
[SourceVersionDate "2007.08.01"]
[SourceQuality "1"]

1. e4 c5 2. Nf3 d6 3. d4 cxd4 4. Nxd4 Nf6 5. Nc3 a6 6. Be3 e6 7. Be2 Nbd7 8.
O-O b5 9. a4 b4 10. Nc6 Qc7 11. Nxb4 d5 12. Nxa6 $5 {[%mdl 4] This
entertaining variation is a bit dubious for White. Despite his huge
development advantage and three pawns for the piece Black probably has better
chances.} Bxa6 13. exd5 Bd6 {A new, but very logical idea of winning a tempo
with the help of an attack against the h2 pawn.} (13... exd5 14. Bxa6 Rxa6 15.
Nxd5 (15. Re1 Be7 16. Bg5 Re6 17. Nxd5 Rxe1+ 18. Qxe1 Nxd5 19. c4 Qe5 20. Qa5
Qxg5 21. Qa8+ Bd8 {0-1 Ter Karapetian,A (2103)-Babuiian,L (2413)/Tbilisi 2007})
15... Nxd5 16. Qxd5 Bd6 17. Qe4+ Ne5 18. f4 Qc6 19. Qd4 Ng4 20. Qxg7 Nxe3 21.
Qxh8+ Kd7 22. Rf2 Ng4 23. Rd2 Qc5+ 24. Qd4 Kc7 25. Qxc5+ Bxc5+ 26. Kh1 Nf2+ 27.
Rxf2 Bxf2 {0-1 Ljubicic,F (2404)-Rezan,S (2414)/Zadar 2006 (68)}) (13... Be7
14. dxe6 fxe6 15. Bxa6 Rxa6 16. Qe2 Qc8 17. Nb5 O-O 18. Bg5 h6 19. Bh4 Rf7 20.
c3 Nc5 21. Qc4 Qa8 22. Nc7 Rxa4 23. b4 Qe4 24. Qxe4 Nfxe4 25. Bxe7 Rxe7 {
0-1 Faibisovich,V-Liberzon,V/Grozny 1969 (29)}) 14. h3 exd5 (14... O-O 15. Bxa6
Rxa6 16. Qe2 Qb7 17. dxe6 fxe6 $13) 15. Nxd5 Nxd5 16. Qxd5 Bb7 (16... Bxe2 17.
Qxa8+ Qd8 18. Qe4+ Qe7 19. Qxe7+ Bxe7 20. Rfe1 $16) 17. Qc4 Bc6 (17... Qxc4 18.
Bxc4 Rc8 19. Bb5 Bc6 $11) 18. b4 Qb7 $6 {In the rapid game Topalov had little
time to judge the consequence of the principled move 18...Rc8! properly.} (
18... Rc8 $1 19. b5 (19. Qg4 Nf6 20. Qh4 O-O $17) 19... Bh2+ 20. Kh1 Bxg2+ 21.
Kxg2 Qb7+ 22. Bf3 (22. Qc6 Rxc6 23. bxc6 Qxc6+ 24. Kxh2 Qd6+ $15) 22... Qxf3+
23. Kxf3 Rxc4 24. a5 Be5 $15) 19. Rad1 Be7 $2 (19... Bxb4 20. Rxd7 $1 Bxd7 (
20... Kxd7 21. Qxf7+ Kc8 22. Bg4+ Bd7 23. Rd1 Bxg4 24. Qc4+ Kb8 25. Qf4+ Kc8
26. Qxg4+ $18) (20... Qxd7 21. Qxb4 Qb7 (21... Qd5 22. Bf3 Qe6 23. Bxc6+ Qxc6
24. Bf4 $18) 22. Bb5 Bxb5 23. axb5 f6 24. Re1 $18) 21. Bf3 Qc8 22. Qe4+ $16) (
19... Ne5 $1 20. Qd4 O-O-O 21. f4 Ng6 22. a5 $13) 20. b5 Bxg2 21. Rxd7 $1 {
Anand is a great tactician and this big shot decides the game in White's
favour.} Kxd7 (21... Qxd7 22. Kxg2 $18) 22. Qg4+ (22. Qd4+ Ke8 23. Qxg7 Bxf1
24. Qxh8+ Bf8 25. Bxf1 Rxa4 26. Bc5 $18) 22... Ke8 23. Qxg2 Qxg2+ 24. Kxg2 Rxa4
25. b6 $1 {Black can not really complain in the material sense, but the
coordination of his pieces is pretty miserable. He will get no time to build
up any real defence against the advance of the white b-pawn.} Ra5 (25... Rb4
26. Ra1 Kd7 27. Ra7+ Kd6 28. Rxe7 Kxe7 29. Bc5+ $18) 26. Rd1 Bg5 27. b7 Ke7 28.
Bb6 Re5 29. Bd8+ $1 (29. Bd8+ $1 Rxd8 30. Rxd8 Kxd8 31. b8=Q+ $18) 1-0

[Event "World-ch Tournament"]
[Site "Mexico City"]
[Date "2007.09.25"]
[Round "11"]
[White "Anand, Viswanathan"]
[Black "Morozevich, Alexander"]
[Result "1-0"]
[WhiteElo "2792"]
[BlackElo "2758"]
[Annotator "Marin,M"]
[PlyCount "111"]
[EventDate "2007.09.13"]
[EventType "tourn"]
[EventRounds "14"]
[EventCountry "MEX"]
[EventCategory "21"]
[SourceTitle "CBM 120"]
[Source "ChessBase"]
[SourceDate "2007.10.02"]
[SourceVersion "1"]
[SourceVersionDate "2007.10.02"]
[SourceQuality "1"]

1. e4 c5 {For some reasons, Morozevich refrains from his trademark French
Defence again. Por algunas razones, Morozevich evita de nuevo su arma favorita,
la Francesa.} 2. Nf3 d6 3. d4 cxd4 4. Nxd4 Nf6 5. Nc3 a6 6. f3 e5 7. Nb3 Be6 8.
Be3 Nbd7 {Sicilians with opposite castles do not necessarily feature sharp
attacks, where everything is decided by the speed of action. In the Najdorf
systems where Black plays ...e5, the relative weakness of the d5-square
becomes one of the main themes. Play can take a strategic course and the
kings' position may become a auxiliary factor, determining players to adjust
their plans in accordance to small tactical details. No siempre las Sicilianas
con enroques en flancos opuestos llevan a ataques agudos, donde todo está
decidido por la rapidez de acción. En las líneas de la Najdorf, donde las
negras juegan ...e5, la relativa debilidad de la casilla de d5 se vuelve el
factor estratégico determinante, mientras que la posición de los reyes se
convierte en un elemento auxiliario; mientras llevan a cabo sus planes, los
jugadores tienen que contar siempre con algunos detalles tácticos.} 9. g4 Nb6
10. g5 Nh5 {After the early advance of White's g-pawn, White has increased his
control over the d5-square, but Black has got his share, too: the f4-square.
Después del avance temprano del peón de g, las blancas han incrementado su
control sobre la casilla de d5,pero las negras han recibido lo suyo, también:
la casilla de f4.} 11. Qd2 Rc8 12. O-O-O Be7 13. Rg1 O-O 14. Kb1 Qc7 15. Qf2 {
White forces one more defender of the d5-square to abandon his position. Las
blancas fuerzan a otro defensor de la casilla de d5 a abandonar su puesto.} Nc4
16. Bxc4 Bxc4 17. Nd5 Bxd5 18. Rxd5 {White has fulfilled the first part of his
plan. The d5-square is all his, and his bishop is more active than Black's.
However, in order to achieve full strategic success, he needs to transfer the
knight to d5 and this is by no means easy. Moreover, his kingside weaknesses
offer Black excellent targets for counterplay. Las blancas han llevado a cabo
la primera parte de su plan. La casilla de d5 está plenamente bajo su control.
Sin embargo, para obtener un éxito estratégico total, necesitan llevar el
caballo a d5, lo que no resulta muy fácil. Además, las debilidades del flanco
de rey ofrecen a las negras posibilidades de contrajuego.} f5 19. gxf6 Rxf6 ({
One of those small tactical nuances I was speaking about prevents Black from
winning a pawn with Una de los pequeños matices tácticos de los que hablaba
impide a la negras ganar un peóncon} 19... Nxf6 20. Rd3 Nxe4 $2 {because of por
} 21. Qg2 $1) 20. Qe2 Nf4 21. Bxf4 Rxf4 {We can see that, for practical
reasons, the black bishop cannot be considered "bad". We are far from the
endgame still and the presence on board of all major pieces requires concrete
evaluation. The bishop is very useful in the middlegame because it neutralizes
White's pressure along the d-file, while the similar weakness of the f3-pawn
is more difficult to defend. Podemos ver que el alfil negro dificilmente puede
ser considerado "malo". Hasta el final queda mucho y en el medio juego el
alfil es muy útil por neutralizar la presión de las blancas sobre la columna
de d. La debilidad equivalente en f3 es algo más difícil de defender.} 22. Rd3
Qd7 23. Nc1 Rcf8 24. a3 $1 {This is not just a prophylactic move, ensuring
White against back rank problems. The main strategic purpose is to clear the
a2-square in view of the knight's transfer to d5. Esta no es solo una jugada
profiláctica, evitando eventuales problemas por la última fila. La idea
principal detrás del avancedel peón de a es abrir camino para el caballo hacía
la casilla d5.} Kh8 {But this might be just a loss of time. En cambío, esta
parece una pérdida de tiempo.} 25. Na2 Qh3 26. Rg3 Qh5 27. Qg2 Rh4 28. h3 {
White has managed to neutralize Black's kingisde pressure in satisfactory way.
Soon, the knight will become one of the main actors. Las blancas hanconseguído
neutralizar las presión de las negras de forma satisfactoría. Pronto, el
caballo se convertirá en uno de los actoresprincipales.} Qh6 29. Rb3 b5 ({
We can notice here the meaning of White's advantage of space. Black's pieces
do not have easy access from one wing to another. Therefore, such a simple
attacking move like Rb3 will cause the chronic weakness of the queenside. The
alternate way of defending the pawn would be Podemos ver quí la importancía de
la ventaja de espacío de las blancas. Las figuras negras notienen acceso fácil
de un flanco al otro y una amenaza tan sencilla como la creada por Rb3 causará
la debilitación crónica del flanco de dama negro. La 'nica alternativa de la
jugada del textosería} 29... Rb8 {but after pero después de} 30. Nb4 {there is
no way to defend the rook in order to parry the threats Nxa6 and Nc6. The rook
would have to move again, but after, say, no hay manera de defender la torre
en vista de las amenazas Nc6 o Nxa6. Las negras tendrían que mover de nuevo
con la torre,pero después de, por ejemplo,} Re8 31. Nd5 b5 {White has achieved
his aim with considerable gain of time. ls blancas lograrían lo mismo que en
la partida, pero con ganancía de tiempo.}) 30. Nb4 Rh5 31. Qf1 Rh4 {
Threatening ...Rxe4. Amenazando ...Rxe4.} 32. Qg2 Rh5 {An important moment of
modern chess history. Anand's most dangerous trailers, Kramnik and Gelfand,
had finished their games hours earlier and a draw would have maintained his
comfortable lead in the tournament. The ambitious decision to play on will
lead to a slightly irrational position, without any safety net for White.
Therefore, Anand deserves the highest praise for the way he chose to climb up
to the highest peak of the chess pyramide. This is the kind of World Champion
the public needs. Un momento importante de la historía moderna del ajedrez.
Los principales perseguídores de Anand, Gelfand y Kramnik, habían acabado ya
sus partidas horas antes. Por esto, unas tablas por repetición le permitiría a
Anand a mantener su comfortable liderazgo en el torneo. Su decisión de
continuar a jugar llevará a una posición algo iracional, sin red de seguridad
alguna para las blancas y merece el más alto halago. Este es el tipo de
Campeón de Mundo que el publico añora.} 33. Nxa6 Bh4 34. Rg4 Bf6 35. Qe2 Rxh3
36. Rxb5 Bd8 37. Rb8 Qf6 38. Nb4 Rxf3 39. Nd5 Qf7 40. Qa6 {Each side has
created two connected passed pawns. The fact that they will have to be
advanced makes the situation very sharp, because the kings will remain
vulnerable. On general ground, White should be better, because of is
dominating knight, but concretely the position remains unclear. Cada parte se
ha creado dos peones pasados. El hecho de que se trata de peones de la guardía
del rey amplifica el carácter agudo de la posición. Generalmente, se puede
decir que las blancas están mejor, por su fuerte caballo, pero concretamente
nada está muy claro todavía.} h5 41. Rg2 h4 $2 ({The speed is an important
factor in this kind of situations, but two central pawns are too high a price
to pay for just one tempo. La velocidad es un factor esencíal en este tipo de
posiciones, pero dos peones centrales son un precio demasiado alto por solo un
tiempo. era necesarío} 41... Qe6 {was necessary.}) 42. Qxd6 Be7 43. Qxe5 {
The essential thing now is that White has a central passed pawn as well,
meaning that he does not need to weaken his king's position yet! The game is
practically decided. La diferencía esencíal es que las blancas se han creado
un peón pasado en el centro, lo que quíere decir que no van a tener que
debilitar su posición de rey avanzando uno de los peones del flanco de dama.
La partida está practicamente decidida.} Rxb8 44. Qxb8+ Kh7 45. Qc7 Bf8 46.
Qxf7 Rxf7 47. Rg4 Rf1+ 48. Ka2 Rh1 49. e5 Bc5 $6 ({Just losing time. Esta
jugadacausará solo pérdida de tiempo.} 49... h3 {would have been more stubborn.
White would win the bishop by advancing his e-pawn, but Black's passed pawns
would have maintained some incertitude still. hubiera ofrecido mejores
posibilidades prácticas. Las blancas hubieran ganado el alfil al avanzar su
peón de e, pero los peones negros quedarían bstante peligrosos, dejando algo
de incertitud en la posición.}) 50. e6 Kh6 51. Rc4 $1 {The start of a well
calculated variation. It appears that the bishop has no stability at all. El
inicío de una variante calculada con exactitud. Resulta que el alfil no tiene
casillas buenas para retroceder.} h3 ({After Después de} 51... Bf8 52. Rc8 Rf1
53. e7 Bxe7 54. Rh8+ Kg5 55. Nxe7 {White's pieces keep the enemy pawns under
control, while the formidable queenside group of pawns is ready to advance.
las figuras blancas mantienen los peones enemigos bajo control, ientras que
sus propríos peones están listos para avanzar.}) 52. Rxc5 h2 53. Ne3 Ra1+ ({
A last try. After Un último intento. Después de} 53... Rg1 54. e7 h1=Q 55. e8=Q
{White has a decisive material advantage and the safer positionof the king.
las blancas mantendrían una ventaja material decisiva y la posición más segura
del rey.}) 54. Kxa1 h1=Q+ 55. Ka2 Qe4 56. Re5 $1 {A last trick, ensuring the
promotion of the e-pawn. Un último truco,asegurando el avance del peón.} 1-0

[Event "Corus"]
[Site "Wijk aan Zee"]
[Date "2008.01.19"]
[Round "7"]
[White "Polgar, Judit"]
[Black "Anand, Viswanathan"]
[Result "0-1"]
[WhiteElo "2707"]
[BlackElo "2799"]
[Annotator "Ftacnik,L"]
[PlyCount "106"]
[EventDate "2008.01.12"]
[EventType "tourn"]
[EventRounds "13"]
[EventCountry "NED"]
[EventCategory "20"]
[SourceTitle "CBM 122"]
[Source "ChessBase"]
[SourceDate "2008.01.30"]
[SourceVersion "1"]
[SourceVersionDate "2008.01.30"]
[SourceQuality "1"]

1. e4 c5 2. Nf3 d6 3. d4 cxd4 4. Nxd4 Nf6 5. Nc3 a6 6. Be3 e5 7. Nf3 Be7 8. Bc4
O-O 9. O-O Nc6 10. Bb3 Be6 11. Bg5 Nd7 12. Bxe7 Qxe7 13. Nd5 Qd8 14. Qe2 Nc5
15. Rad1 {Anand has a compact opening repertoire, so finding an advantage is
not easy. Polgar has made a sensible choice, Black has to fight for complete
equality.} b5 (15... f5 16. exf5 Rxf5 17. Ne3 Rf7 18. Nc4 Nxb3 19. axb3 Bxc4
20. Qxc4 Qf6 21. Qd5 Rd8 22. c3 h6 23. Nd2 Kh8 24. Ne4 Qg6 {1/2
Solodovnichenko,Y (2537)-Czakon,J (2484)/Castelldefels 2006 (79)}) 16. Ne3 Nxb3
(16... Nxe4 17. Qd3 Ng5 18. Nxg5 Qxg5 19. Bxe6 fxe6 20. Qxd6 Nd4 21. c3 $14)
17. axb3 Qc7 18. Rd3 Nb4 {Black is hurrying with the knight move as otherwise
the white queen would complicate the counterplay.} (18... Rfd8 19. Qd2 $14) 19.
Rd2 Qe7 (19... f6 20. Rfd1 Rfd8 21. h4 $14) 20. Rfd1 Rad8 21. Nf5 $6 {The idea
of forcing the bishop to take on f5 is not bad, but somewhat better chances
were promised by the more standard move to d5.} (21. Ra1 Qb7 22. c3 Nc6 23. Nd5
$14) 21... Bxf5 22. exf5 Rfe8 23. c3 Nc6 24. Qe4 Na5 (24... Qc7 25. h3 Na5 26.
Qb4 Nc6 27. Qg4 $14) 25. Qd5 Qf6 $6 {Anand was struggling to get his
tournament going and this dubious decision reflects his desire to fight. It
was objectively better was to equalise with the help of the 25...e4! advance.}
(25... e4 $1 26. Nd4 Qe5 27. Nc2 Qxd5 28. Rxd5 Nxb3 29. Nb4 Nc5 $11) 26. Re2 (
26. Ra1 e4 $1 27. Rxa5 exf3 28. Rd1 fxg2 29. Rxa6 $11) 26... Rc8 (26... Qxf5 $2
27. Ra1 $18) 27. Nd2 $6 {We should not be too harsh on Judit, since the
relocation of the knight is not bad. The sad part lies in a missed chance to
punish her great opponent with the precise 27.Ra1! gaining a serious advantage.
} (27. Ra1 $1 Rc5 (27... e4 28. Rae1 Qd8 29. g4 Qd7 30. Rxe4 Rxe4 31. Rxe4 Qc6
32. Qxc6 Nxc6 33. Kg2 $16) 28. Qd1 Nb7 29. Rxa6 Qxf5 30. b4 Rc7 31. Qd5 $16)
27... Qxf5 28. Ne4 (28. b4 $1 Nc6 29. Ne4 Qe6 30. Red2 Qxd5 31. Rxd5 Red8 32.
f3 $14) 28... Qe6 29. Nxd6 Rcd8 $1 {The flow of the game has changed and
suddenly White has to look for ways to equalise matters.} (29... Qxd5 30. Rxd5
Rcd8 31. Red2 Rf8 32. b4 Rxd6 33. Rxd6 Nc4 34. Kf1 $14) 30. Red2 (30. Qxe6 $2
Rxe6 31. Red2 Nxb3 $17) 30... Nxb3 31. Nxe8 (31. Rd3 h5 32. Nxe8 Rxd5 33. Rxd5
Qg4 $15) 31... Rxd5 32. Rxd5 h6 33. Rd8 (33. Rd6 Qf5 34. Rxa6 Qc2 35. Rad6 Qxb2
$15) 33... Kh7 34. Nd6 $6 {[%mdl 1024] The mislocated knight will not decide
the issue, Anand was better in any line. On the other hand the idea to
counterattack the f7-square will turn into a pipe dream and White will go
under.} (34. Nc7 Qg6 35. R8d3 Nc5 36. Rd6 Qc2 37. R6d2 Qb3 $17) 34... Nc5 (
34... e4 $6 35. Re8 Qg4 36. Re1 f5 37. Nf7 $11) 35. h3 (35. g3 Qb3 36. Rd2 Na4
$17) 35... Qg6 {The other very strong idea was to assault the b2-pawn with
both black pieces.} (35... Qb3 $1 36. Rd2 Na4 $17) 36. g3 (36. Nc8 Ne6 37. R8d6
Qg5 38. Kh2 e4 $17) 36... Ne6 $1 37. Rd7 (37. Ra8 Ng5 38. h4 Nf3+ $19) 37...
Ng5 38. h4 Qe6 {Black could already choose between three different lines with
variable levels of catastrophe for White.} (38... Qc2 39. Rf1 (39. Ne8 Nh3+ 40.
Kg2 Nxf2 41. R7d2 Qxd1 42. Rxd1 Nxd1 $19) 39... Nf3+ 40. Kg2 Qd3 $19) (38...
Qh5 39. Ne8 Nf3+ 40. Kg2 Nd4 $19) 39. Rb7 Nf3+ 40. Kg2 (40. Kf1 Qh3+ 41. Ke2
Qg4 42. Ke3 Nxh4 $19) 40... Qg4 {Repeatedly Anand refused to contemplate the
move Qb3, even though here it was the strongest line winning outright.} (40...
Nxh4+ 41. Kf1 Qh3+ 42. Ke2 Qg4+ 43. Kd2 Nf5 44. Nxf5 Qxf5 45. Ke3 $17) (40...
Qb3 $1 41. Ra1 Qd5 42. Kf1 Qxd6 $19) 41. Rd5 (41. Rh1 Nd2 42. Kh2 Qf3 43. Rxf7
Qd5) 41... Nxh4+ 42. Kf1 Qf3 43. Rd2 Nf5 44. Nxf5 $8 (44. Rd7 Nxg3+ 45. Ke1
Qh1#) 44... Qxb7 {In the end the decision will fall in the endgame, where
White has perilously little material for the enemy queen.} 45. Ke2 a5 46. Ne3
a4 47. Rd5 (47. Nd5 Kg6 48. f3 Kg5 49. Rd1 h5 $19) 47... b4 48. cxb4 (48. Rxe5
bxc3 49. bxc3 Qa6+ 50. c4 a3 $19) 48... Qxb4 49. Rd2 f5 50. Rc2 (50. Nxf5 $2
Qg4+ $19) 50... Qb3 51. f4 exf4 52. gxf4 Qb4 53. Nc4 (53. Nxf5 Qb5+ $19) 53...
g5 {White has no more hopes even for resistance.} 0-1